| 000 | 00647nam a22002177a 4500 | ||
|---|---|---|---|
| 003 | OSt | ||
| 005 | 20131021130947.0 | ||
| 008 | 130412s2006 sp ||||| |||| 00| 0 spa d | ||
| 020 | _a9788483066737 | ||
| 040 | _cCDMR | ||
| 100 | 1 |
_91430 _aSinova, Justino |
|
| 245 | 1 | 3 |
_aLa prensa en la Segunda República española _b: historia de una libertad frustrada _cJustino Sinova |
| 250 | _a2a ed. | ||
| 260 |
_aBarcelona _bDebate _c2006 |
||
| 300 | _a565 p. | ||
| 490 | 0 | _aDebate Historias | |
| 650 | 0 | 4 |
_91130 _aPremsa _xHistòria _zEspanya |
| 650 | 0 | 4 |
_94150 _aLlibertat d'impremta _zEspanya |
| 650 | 0 | 4 |
_93170 _aPersecucions polítiques |
| 942 |
_2udc _cMON |
||
| 999 |
_c6090 _d6090 |
||